000 00533nam a2200205Ia 4500
005 20250508164018.0
008 008 250505s9999 xx 000 0 eng d
020 _a81 7046 1472
037 _aTextual
040 _aFEDL
_beng
_cFEDL
041 _aeng
_2eng
084 _a891.443, MAH
_qFEDL
100 _aMahasweta Devi
245 0 _aBitter soil
260 _aCalcutta, India
_bSeagull Books
_c1998
300 _ax,150p.
365 _aINR
_b290
942 _cTEXL
_h891.443, MAH
999 _c1386569
_d1386569